Napoleon Dynamite Character Quiz - Statistics

General Stats
  • This quiz has been taken 35 times
  • The average score is 8 of 14
Answer Stats
Name % Correct
Napoleon Dynamite
93%
Pedro Sanchez
85%
Kip Dynamite
81%
Uncle Rico
81%
Grandma
74%
Summer Wheatley
63%
Deb
59%
Trisha Stevens
52%
LaFawnduh
44%
Rex
37%
Don
33%
Lyle
33%
Starla
22%
Randy
19%
No matching quizzes found
Score Distribution
Percent of People with Each Score
Percentile by Number Answered
Your Score History
You have not taken this quiz